000 01996nam0a2200361 4500
001 RU\NLR\BIBL_A\022571134
005 20260420045940.0
010 _a978-5-4380-0341-0
_9150
021 _aRU
_bКН-П-25-025870
_9КН-П-25-2576
035 _a(NLR Aleph) 022571134
090 _a13675719
_c13675719
100 _a20250620d2024 u y0rusy50 ca
101 0 _arus
102 _aRU
105 _aag z 010ay
181 0 _ai
_bxxxe
182 0 _an
200 1 _aПоэтические родники
_eюбилейный сборник поэтических и прозаических произведений, посвященных 30-летию ЛИТО
_fЛИТО "Поэтов Сиверское братство"
_gчлены редколлегии: Гажев Б. Н. [и др.]
203 _aТекст
_bвизуальный
_cнепосредственный
210 _aСанкт-Петербург
_cКонтраст
_d2024
215 _a157, [1] с.
_cил., ноты
_d22
300 _aКн. изд. на средства из бюджета Сивер. гор. поселения
327 0 _aСодерж. авт.: Антонов Юрий, Бобкова Зоя, Бугаев Сергей, Гажев Борис, Гамаль Борис, Гамаль Владимир, Гессе Анатолий, Гетман Ольга, Гузик Лилия, Ефатерова Галина и др.
686 2 _aШ6(2=Р)8-98
686 2 _aШ6(2=Р)8-999
702 1 _4340
_7ca
_8rus
_aГажев
_bБ. Н.
_gБорис Наумович
_9112554
_3RU\NLR\AUTH\772544
712 0 2 _4570
_a"Поэтов сиверское братство", литературное объединение
_cЛенинградская обл.
_9330720
_3RU\NLR\AUTH\889917274
942 _cBOOK
980 _aNB